000 00234 a2200109 4500
001 50945
040 _cAnchieta - Pituba
240 1 0 _aGincana 2006
_l
245 1 0 _aGincana 2006
650 4 _aLĂ­nguas espanhola e portuguesa
942 _cMX
999 _c50945
_d50945